Andorra Immigration by Country - Statistics

General Stats
  • This quiz has been taken 1,780 times
  • The average score is 7 of 10
Answer Stats
# People Country of Origin % Correct
19,131 Spain
100%
3,339 France
99%
9 175 Portugal
96%
445 Italy
95%
702 United Kingdom
95%
208 Germany
90%
383 Morocco
63%
728 Argentina
21%
204 Chile
15%
458 Philippines
8%
No matching quizzes found
Score Distribution
Percent of People with Each Score
Percentile by Number Answered
Your Score History
You have not taken this quiz